00766cam a2200193 i 4500999001900000005001700019010001300036020002600049035001300075037001800088082001300106100001800119245009900137260003900236270007600275300003400351942002700385952016000412 c169737d16973720191202124152.0 aB-731107 a9788126559213c499.00 aB-731107 bDBAD/Pubadpl 2338.27281 aKatusa, Marin10aThe colder war : bhow the global energy trade slipped from America's grasp /cby Marin Katusa aNew DelhibJohn Wiley & Sonsc2016 a4435-36/7, Ansari Road, Daryaganj b New Delhi e110002 k011-43630000  axvi, 246p.;c25 cm (Hb)bill. 2ddccENh338.2728mKAT 001040708NFICaLbLd2019-12-02eGift/ Eng./13.11.2019g499.00l4m3o338.2728 KATpB-731107r2023-05-12 00:00:00s2023-04-29t1v499.00w2019-12-02yEN